000 00404nam a22001697a 4500
005 20180131141831.0
008 160513b xxu||||| |||| 00| 0 eng d
020 _a978-0-07-059374-9
041 _aeng
082 _b1789
_a004
100 _aNorton Peter
_9123
245 _aIntroduction to Computers
260 _aNew Delhi
_bTMH
300 _a609
650 _aInformation Technology
_9137
942 _cBK
999 _c689
_d689